| 000 | 00923cam a22002655a 4500 | ||
|---|---|---|---|
| 001 | 015743765 | ||
| 003 | OSt | ||
| 005 | 20201128024335.0 | ||
| 008 | 110127t2012 caua frb 001 0 eng d | ||
| 020 | _a9781111346584 | ||
| 020 | _a1111346585 | ||
| 040 |
_aStDuBDS _beng _cStDuBDS _dUk _dEG-ScBUE |
||
| 082 | 0 | 4 |
_222 _a150.72 _bJAC |
| 100 | 1 |
_aJackson, Sherri L., _d1962- |
|
| 245 | 1 | 0 |
_aResearch methods and statistics : _ba critical thinking approach / _cSherri L. Jackson. |
| 250 | _a4th ed., International ed. | ||
| 260 |
_a[Belmont] : _bWadsworth Cengage Learning, _cc.2012. |
||
| 300 |
_axviii, 510 p. : _bill. (some col.) ; _c24 cm. |
||
| 504 | _aIncludes bibliographical references and index. | ||
| 650 | 7 |
_aPsychology _xResearch _xMethodology. _2BUEsh _9837 |
|
| 650 | 7 |
_aPsychometrics. _2BUEsh _94480 |
|
| 650 | 7 |
_aPsychology _xStatistical methods. _2BUEsh _939934 |
|
| 653 |
_bGGEN _bHHUUPPSS _cMay2018 |
||
| 942 | _2ddc | ||
| 999 |
_c26653 _d26625 |
||